|
|
|
|
| LEADER |
00000nab a2200000 a 4500 |
| 001 |
vtls000499597 |
| 003 |
SK-MaSNL |
| 005 |
20260304080859.0 |
| 008 |
250424c1993 xo 0 slo |
| 015 |
|
|
|a SNBRB19rr/mm-uuuuu
|
| 035 |
|
|
|a CL0499735
|
| 035 |
|
|
|a urn:nbn:sk:snk-ab1zn2
|
| 035 |
|
|
|a (urnnbn)urn:nbn:sk:snk:ar-a01bt7
|
| 035 |
|
|
|a (uuid)2df0f1bd-d6c2-4714-b428-999c3413fadf
|
| 040 |
|
|
|a SNKBUCL
|b slo
|c SNKBUCL
|e AACR2
|
| 041 |
0 |
|
|a slo
|
| 044 |
|
|
|a xo
|c SK
|
| 080 |
|
|
|a 655.413:78
|2 1981
|
| 080 |
|
|
|a 78
|2 1981
|
| 100 |
1 |
|
|a Jurík, Marián,
|d 1933-1999
|4 aut
|9 114076
|
| 245 |
1 |
0 |
|a Predstavuje sa Champagne Avantgarde
|c Marián Jurík
|
| 300 |
|
|
|b Fotogr. 2
|
| 650 |
0 |
7 |
|a Champagne Avantgarde, Bratislava (vydavateľstvo)
|2 snkbucl
|9 976517
|
| 655 |
|
7 |
|a články z novín a časopisov
|2 snkbucl
|9 267496
|
| 655 |
|
7 |
|a články z odboru knihovníctvo
|2 snkbucl
|9 166141
|
| 773 |
0 |
|
|t Hudobný život '93
|g Roč. 25, č. 21 (1993), s. 9
|
| 850 |
|
|
|a Slovenská národná knižnica
|
| 852 |
|
|
|a Slovenská národná knižnica
|
| 954 |
|
|
|a odborná, vedecká literatúra pôvodná (slovenská)
|2 lita
|
| 957 |
|
|
|a 5100
|
| 958 |
|
|
|a article27
|
| 958 |
|
|
|a OND
|
| 958 |
|
|
|a RK
|
| 958 |
|
|
|a KL
|
| 958 |
|
|
|a EUIPO
|
| 992 |
|
|
|a RBX
|
| 999 |
|
|
|c 2788521
|d 2790451
|